000 00285nam a22001337a 4500
008 170725b xxu||||| |||| 00| 0 eng d
020 _a0471134686
041 _aeng
080 _a004
100 _a29
101 _aSHK
245 _aCOMPUTER SCIENCE
_cCARDENAS,A.F
942 _2udc
_cBK
999 _c21838
_d21838